George Clooney Movies Quiz Stats

 Plays Quiz Updated Jan 4, 2021

Support Sporcle.
Go Orange.
Score 0/42 Timer 08:00
11 Plays Today
Year Movie Title % Correct
2001Ocean's Eleven
91.3%
2004Ocean's Twelve
90%
2007Ocean's Thirteen
89%
1997Batman & Robin
60.4%
2000O Brother Where Art Thou?
53.6%
2007Michael Clayton
49.5%
2005Syriana
48.2%
2008Burn After Reading
44.2%
2009Up in the Air
42.9%
1999Three Kings
41.1%
2014The Monuments Men
41.1%
2013Gravity
39.8%
2005Good Night, and Good Luck
38.3%
2016Hail, Caesar!
36.7%
2008Leatherheads
35.5%
2000The Perfect Storm
33.8%
1996From Dusk Till Dawn
32.9%
1998Out of Sight
31.9%
1996One Fine Day
31.3%
2003Intolerable Cruelty
29.8%
2009The Men Who Stare at Goats
29.6%
Year Movie Title % Correct
2015Tomorrowland
28.6%
1997The Peacemaker
23.9%
2016Money Monster
22.2%
2002Solaris
21.6%
2010The American
21.2%
2011The Descendants
21%
2009Fantastic Mr. Fox
21%
2002Confessions of a Dangerous Mind
19.8%
1998The Thin Red Line
19.4%
2011The Ides of March
18.9%
2020The Midnight Sky
16.1%
2006The Good German
16%
2001Spy Kids
15.5%
2003Spy Kids 3-D: Game Over
13.4%
1988Return Of The Killer Tomatoes
11.6%
1999South Park: Bigger Longer & Uncut
11.3%
2002Welcome to Collinwood
8.3%
1987Return to Horror High
6.1%
1989Red Surf
5.1%
1992Unbecoming Age
4.3%
2020Grizzly 2: The Predator
4.1%

From the Vault

Countries with 'UA'

by timmylemoine1

I know where I am, but where are u at?
Remove Ads.
Support Sporcle.
Get the best of Sporcle when you Go Orange. This ad-free experience offers more features, more stats, and more fun while also helping to support Sporcle. Thank you for becoming a member.

Show Comments

Extras

Top Quizzes Today


Score Distribution

Your Account Isn't Verified!

In order to create a playlist on Sporcle, you need to verify the email address you used during registration. Go to your Sporcle Settings to finish the process.

Report this User

Report this user for behavior that violates our Community Guidelines.

Details: